| 000 | 00362nam a2200145 a 4500 | ||
|---|---|---|---|
| 001 | 3393 | ||
| 003 | CDMR | ||
| 005 | 20130226181323.0 | ||
| 008 | 130130s2003||||||||||||||||||||||||||||d | ||
| 040 |
_aCDMR _bcat _cCDMR |
||
| 100 | 1 |
_aFeria, Paco _91499 |
|
| 245 | 1 | 0 |
_aS.O.S. Marea negra en Galicia _cPaco Feria |
| 260 |
_a[Barcelona : _bs.e. _c, 2003] |
||
| 942 |
_cMON _2ddc |
||
| 999 |
_c3393 _d3393 |
||